All Billie Eilish Songs - Statistics

General Stats
  • This quiz has been taken 5,087 times
    3,865 since last reset
  • The average score is 34 of 51
Answer Stats
Album Song % Correct
When We All Fall Asleep, Where Do We Go? Bad Guy
91%
Happier Than Ever Happier Than Ever
89%
From the Motion Picture 'Barbie' What Was I Made For?
89%
Don't Smile at Me Ocean Eyes
86%
Guitar Songs TV
83%
13 Reasons Why: Season 1 Bored
79%
When We All Fall Asleep, Where Do We Go? I Love You
78%
Don't Smile at Me Copycat
77%
Don't Smile at Me Bellyache
76%
Guitar Songs The 30th
76%
Don't Smile at Me idontwannabeyouanymore
75%
Don't Smile at Me Watch
75%
When We All Fall Asleep, Where Do We Go? All the Good Girls Go to Hell
74%
When We All Fall Asleep, Where Do We Go? Bury a Friend
74%
When We All Fall Asleep, Where Do We Go? Ilomilo
73%
When We All Fall Asleep, Where Do We Go? Xanny
73%
When We All Fall Asleep, Where Do We Go? 8
72%
When We All Fall Asleep, Where Do We Go? When the Party's Over
71%
When We All Fall Asleep, Where Do We Go? You Should See Me in a Crown
71%
Don't Smile at Me &Burn
70%
When We All Fall Asleep, Where Do We Go? Wish You Were Gay
70%
Don't Smile at Me Lovely
69%
Don't Smile at Me My Boy
69%
Happier Than Ever NDA
69%
Happier Than Ever Therefore I Am
69%
When We All Fall Asleep, Where Do We Go? Everything I Wanted
68%
When We All Fall Asleep, Where Do We Go? Goodbye
68%
Happier Than Ever Billie Bossa Nova
67%
When We All Fall Asleep, Where Do We Go? Listen Before I Go
67%
Happier Than Ever Male Fantasy
66%
Happier Than Ever my future
66%
Happier Than Ever Getting Older
65%
Don't Smile at Me Hostage
65%
When We All Fall Asleep, Where Do We Go? My Strange Addiction
65%
Happier Than Ever Oxytocin
65%
Single #2 "No Time to Die"
64%
Happier Than Ever Your Power
64%
Happier Than Ever GOLDWING
63%
Happier Than Ever Halley's Comet
63%
Don't Smile at Me Party Favor
63%
Happier Than Ever I Didn't Change My Number
62%
Happier Than Ever Lost Cause
61%
Single Six Feet Under
59%
Happier Than Ever Not My Responsibility
56%
Happier Than Ever OverHeated
56%
Happier Than Ever Everybody Dies
54%
Don't Smile at Me B***hes Broken Hearts
53%
When We All Fall Asleep, Where Do We Go? Come Out and Play
50%
When We All Fall Asleep, Where Do We Go? When I Was Older
44%
Single #3 Lo Vas a Olvidar
39%
When We All Fall Asleep, Where Do We Go? !!!!!!!
0%
No matching quizzes found
Score Distribution
Percent of People with Each Score
Percentile by Number Answered
Your Score History
You have not taken this quiz since the last reset